[Event "SLO-chT2 East"]
[Site "Slovenia"]
[Date "2017.10.15"]
[Round "2"]
[White "Ruzic, Pia Marie"]
[Black "Dvanajscek, Dare"]
[Result "1-0"]
[WhiteElo "1488"]
[BlackElo "1706"]
[PlyCount "88"]
[EventDate "2017.09.30"]
[EventType "team-tourn"]
[EventRounds "9"]
[EventCountry "SLO"]
[SourceTitle "EXT 2019"]
[Source "ChessBase"]
[SourceDate "2018.10.10"]
[SourceVersion "1"]
[SourceVersionDate "2018.10.10"]
[SourceQuality "1"]

1. c4 e5 2. Nc3 Nf6 3. Nf3 Nc6 4. g3 Bc5 5. Bg2 d6 6. 0-0 a6 7. a3 0-0 8. b4 Ba7 9. Rb1 h6 10. d3 Ne7 11. Nd2 Rb8 12. a4 Bd7 13. b5 axb5 14. axb5 Qc8 15. Re1 Bh3 16. Bh1 Qf5 17. Nf3 Ng4 18. e3 Ng6 19. Nd5 Rbc8 20. Ba3 e4 21. dxe4 Qxe4 22. Ng5 Qxh1+ 23. Kxh1 Nxf2+ 24. Kg1 Nxd1 25. Nxh3 c6 26. b6 Bb8 27. Nf6+ gxf6 28. Rbxd1 Ne5 29. Kg2 Nxc4 30. Bb4 Nxb6 31. Bxd6 Bxd6 32. Rxd6 Kg7 33. Nf4 Nc4 34. Nh5+ Kg6 35. Nf4+ Kh7 36. Rxf6 b5 37. e4 c5 38. Rb1 Na3 39. Rb3 b4 40. Nh5 Rb8 41. Rd3 b3 42. Rdd6 Kg8 43. Rxh6 f5 44. Rhg6+ Kh8 1-0